000 00557nam a2200229Ia 4500
003 OSt
005 20221005133029.0
006 a|||||r|||| 00| 0
007 ta
008 221004b |||||||| |||| 00| 0 mal d
024 _a53069
037 _cTextual
040 _aCRL
_cCRL
_bmal
041 _2mal
_amal
082 _aNS212xM80x, 32L3
100 _aKuttamath
_9641967
245 0 _aVenuganam
260 _c1973
650 _aDANCE
_936226
942 _hNS212xM80x, 32L3
_cTEXL
_2cc
999 _c1065529
_d1065529